00753nam a2200241 a 450000100100000000500170001000800410002702000150006804000250008308200240010810000180013224000370015024500960018725000110028326000330029430000340032749000090036153400470037065000230041765000370044070000250047783000090050200002274320240529124643.0101117s1984 sp a r 000 f spa d a8472551172 aDO-SdBNPbspacBNPHU aB869.4bT128h, 19841 aTahan, Malba,10aO homem que calculavalEspañol10aEl hombre que calculaba /cJúlio César de Mello Souza ; traducción de Basilio Losada. a9a ed. aBarcelona :bVerón,c1984. a226, [12] p. :bil. ;c18 cm.1 aAedo aTítulo original:tO homem que calculava. 0aNovela brasileña 4aLiteratura brasileñaySIGLO XX1 aLosada, Basilioetr. 0aAedo